Uncle Albert / Admiral Halsey - Paul McCartney [lyrics] - Statistics

General Stats
  • This quiz has been taken 53 times
  • The average score is 201 of 239
Answer Stats
Answer % Correct
a
100%
(a
100%
Albert
100%
so
100%
Uncle
100%
Admiral
98%
But
98%
but
98%
Halsey
98%
have
98%
sorry
98%
the
98%
(The
98%
we
98%
We're
98%
we're
98%
across
95%
Hands
95%
He
95%
he
95%
I
95%
water
95%
(water)
95%
day
93%
haven't
93%
sky
93%
thing
93%
all
90%
me
90%
no
90%
you
90%
And
88%
and
88%
any
85%
if
85%
of
85%
pie
85%
pie)
85%
to
85%
be
83%
cup
83%
had
83%
on
83%
tea
83%
done
80%
Heads
80%
it
80%
notified
80%
caused
78%
pain
78%
butter
76%
get
76%
(get
76%
Get
76%
in
76%
bloody
73%
left
73%
little
73%
one
73%
there's
73%
away
71%
feet
71%
put
71%
believe
68%
boil
68%
couldn't
68%
your
68%
around
66%
around)
66%
gonna
66%
ground
66%
home
66%
at
63%
up
63%
I'm
61%
off
61%
wouldn't
61%
easily
59%
give
59%
rain
59%
gypsy
56%
melt
56%
should
56%
anything
54%
kettle's
54%
or
54%
ring
54%
sea
54%
sure
54%
we'll
54%
called
51%
happen
51%
another
49%
(yeah
49%
yeah)
49%
heard
46%
Live
46%
look
46%
berth
34%
alright)
29%
No matching quizzes found
Score Distribution
Percent of People with Each Score
Percentile by Number Answered
Your Score History
You have not taken this quiz